Normal view
MARC view
Entry Personal Name
001 - CONTROL NUMBER
- control field: 547771
003 - CONTROL NUMBER IDENTIFIER
- control field: OSt
005 - DATE AND TIME OF LATEST TRANSACTION
- control field: 20220930092117.0
008 - FIXED-LENGTH DATA ELEMENTS
- fixed length control field: 220930|| aca||aabn | a|a d
040 ## - CATALOGING SOURCE
- Original cataloging agency: OSt
- Transcribing agency: OSt
100 ## - HEADING--PERSONAL NAME
- Personal name: Pathak Priya Au
670 ## - SOURCE DATA FOUND
- Source citation: Work cat.: (OSt)883229: Pathak Priya Au., Concordance amongse screeners in the use of the bethesda system for reporting thyroid cytopathology in an academic institution, 2013
